Surya : (Record no. 33625)

MARC details
000 -LEADER
fixed length control field 00722nam a22002175a 4500
005 - DATE AND TIME OF LATEST TRANSACTION
control field 20090713065637.0
008 - FIXED-LENGTH DATA ELEMENTS--GENERAL INFORMATION
fixed length control field 090709s2009 wau 000 0 eng
010 ## - LCCN (DPL NO)
LC control number ENG-95829
020 ## - INTERNATIONAL STANDARD BOOK NUMBER
International Standard Book Number 8190356178
Terms of availability 1800.00
035 ## - SYSTEM CONTROL NUMBER
System control number EN-79362
037 ## - SOURCE OF ACQUISITION
Source of stock number/acquisition DBAD/PUB
040 ## - CATALOGING SOURCE
Original cataloging agency DPL
100 ## - MAIN ENTRY--PERSONAL NAME
Personal name Singh, Ranjan Kumar
245 ## - TITLE STATEMENT
Title Surya :
Remainder of title the god and his abode
Statement of responsibility, etc by Ranjan Kumar Singh
260 ## - PUBLICATION, DISTRIBUTION, ETC. (IMPRINT)
Place of publication, distribution, etc Patna
Name of publisher, distributor, etc Parijat
Date of publication, distribution, etc 2010
270 ## - ADDRESS
Address Kamta Sadan, East boring canal road
City Patna
Postal code 800001
300 ## - PHYSICAL DESCRIPTION
Extent 119p..
Other physical details 24cm(Hb)
942 ## - ADDED ENTRY ELEMENTS (KOHA)
Source of classification or shelving scheme Dewey Decimal Classification
Item type English Books
Call number suffix SIN
Holdings
Withdrawn status Lost status Source of classification or shelving scheme Damaged status Not for loan Collection code Home library Current library Date acquired Source of acquisition Cost, normal purchase price Total Checkouts Full call number Barcode Date last seen Copy number Cost, replacement price Koha item type
    Dewey Decimal Classification   Not For Loan Non-fiction D.B.Act.Division D.B.Act.Division 11/01/2010 DBAD/PUB 1800.00   SIN EN-79362 14/01/2010 1 1800.00 English Books

© Delhi Public Library
Hit Counter
free hit counter